Návrh moderného elektronického modulárneho systému na báze snímania elektrických signálov, implementovateľného v zdravotníckych zariadeniach

Enregistré dans:
Détails bibliographiques
Auteur principal: Horínek, František, 1987- (Auteur)
Autres auteurs: Daříček, Martin, 1981- (Directeur de thèse)
Format: Manuscrit Livre
Langue:slovaque
Publié: Bratislava : STU v Bratislave FEI, 2011
Sujets:
Accès en ligne:VAIS
Tags: Ajouter un tag
Pas de tags, Soyez le premier à ajouter un tag!

MARC

LEADER 00000ntm a22000003a 4500
001 stu229261
005 20150617230132.7
008 110707s2011----xo------------------slo-d
040 |a STU  |b slo 
041 0 |a slo 
044 |a xo 
100 1 |a Horínek, František,  |d 1987-  |4 aut  |u E030  |U FEI Fakulta elektrotechniky a informatiky  |T FEI Ústav elektroniky a fotoniky  |X 35266  |U E030  |Y 549  |7 A000035266 
242 0 0 |a Design of modern electronic modular medical system based on sensing of electrical signals  |y eng 
245 1 |a Návrh moderného elektronického modulárneho systému na báze snímania elektrických signálov, implementovateľného v zdravotníckych zariadeniach 
260 |a Bratislava :  |b STU v Bratislave FEI,  |c 2011 
300 |a 28 s 
650 7 |a Mikroelektronika  |2 stusub 
650 7 |a Microelectronics  |2 estusub 
650 7 |a biosignály  |2 stusub 
650 7 |a EMG  |2 stusub 
650 7 |a merací systém  |2 stusub 
700 1 |a Daříček, Martin,  |d 1981-  |4 ths  |u E030  |U FEI Fakulta elektrotechniky a informatiky  |T FEI Ústav elektroniky a fotoniky  |X 27484  |U E030  |Y 549  |7 A000027484 
856 4 |a info a plný text  |u http://is.stuba.sk/zp/portal_zp.pl?podrobnosti=72178  |3 VAIS 
996 |b 284EP09957  |c E*DIPL-9957  |l EE33  |s P  |a 0  |w stu229261_0001